The pilgrim kings (Registro nro. 301849)

Detalles MARC
000 -ENCABEZADO
Número de control [NR] 01545nam a22002657a 4500
005 - FECHA Y HORA DE LA ÚLTIMA TRANSACCIÓN
control field 20160421081511.0
008 - DE LONGITUD FIJA DE DATOS DE ELEMENTOS - INFORMACIÓN GENERAL
Elementos de longitud fija [NR] 151014s1915 uxx||||fr|||| 001 p eng d
040 ## - FUENTE DE CATALOGACION [NR]
Quien Cataloga Sandra Yazo
Quien Clasifica Sandra Yazo
041 0# - CODIGO DE IDIOMA [R]
Código de idioma para texto/pista de sonido o título separado [R] Inglés
082 04 - NUMERO DE CLASIFICACION DECIMAL DEWEY [R]
Número de la edición [NR] 20
Número de clasificación [R] 861
092 ## - SIGNATURA TOPOGRAFICA LOCAL
Número de clasificación local E37N117
100 1# - ASIENTO PRINCIPAL--NOMBRE PERSONAL [NR]
Nombre personal [NR] Walsh, Thomas
ID Autoridad 72328
242 04 - TRADUCCION DEL TITULO POR LA AGENCIA CATALOGADORA [R]
Título [NR] Los reyes preregrinos
Parte restante del título [NR] Graco y Goya y otros poemas de España
Mención de responsabilidad, etc. [NR] por Thomas Walsh
Código de idioma del título traducido [NR] spa
245 14 - MENCION DE TITULO [NR]
Título [NR] The pilgrim kings
Parte restante del título [NR] Creco and Goya and other poemas of spain
Mención de responsabilidad, etc. [NR] by Thomas Walsh
260 ## - PUBLICACION, DISTRIBUCION, ETC. (PIE DE IMPRENTA) [R]
Lugar de publicación, distribución, etc. [R] New York (Estados Unidos)
Nombre del editor, distribuidor, etc. [R] The Macmillan company [La compañía Macmillan]
Fecha de publicación, distribución, etc. [R] 1915
300 ## - DESCRIPCION FISICA [R]
Extensión [R] x, 130 páginas
Dimensiones [R] 20 x 14 cm
500 ## - NOTA GENERAL [R]
Nota general [NR] Detalles físicos: Encuadernación rígida en tela. Solapa. Tapa delantera con decoración en dos tintas. Guarda delantera don anotación manuscrita. Anteportada. Retrato. Portada impresa en una sola tinta. Texto impreso en una sola columna. Sobrecubierta de papel. Papel manchado. Ej.2 Sin solapa, bordes de páginas con manchas de exposición
505 0# - NOTA DE CONTENIDO CON FORMATO PREESTABLECIDO [R]
Nota de contenido con formato preestablecido [NR] Los reyes peregrinos ; Invasión ; En la vieja Toledo ; Greco pinta su obra maestra ; Cielo y tierra ; Balcones del atardecer ; Holly Wells ; Para Fray Jurípero ; El juicio final de Greco ; El nacimiento de Pierrot ; Sonidos de Alhambra ; Los reyes de otoño ; Canción de carretera para el armenio
506 ## - NOTA DE RESTRICCIONES DE ACCESO [R]
Condiciones de acceso [NR] Consulta en sala
546 ## - NOTA DE IDIOMA [R]
Nota de idioma [NR] Texto en inglés
650 #7 - ASIENTO SECUNDARIO DE MATERIA - TERMINO TEMATICO [R]
9 (RLIN) 21809
Término temático o nombre geográfico como elemento de entrada [NR] Poesía española
650 #7 - ASIENTO SECUNDARIO DE MATERIA - TERMINO TEMATICO [R]
Término temático o nombre geográfico como elemento de entrada [NR] Literatura española
9 (RLIN) 7793
690 ## - ASUNTO AGREGADO LOCAL DE ENTRADA - TÉRMINO TEMÁTICO (OCLC, RLIN)
Acceso temático local Literatura europea
9 (RLIN) 26524
942 ## - ELEMENTOS DE ENTRADA AGREGADOS (KOHA)
Sistema de clasificación LOCAL
Tipo de ítem principal el descrito en 300a Libro
Edición 1
Clasificación E37N117
Existencias
Suprimido Perdido Sistema de clasificación Dañado No prestable Tipo de ítem específico Ubicación habitual Ubicación actual Localización Fecha de creación Forma de adquisición Costo Total préstamos Signatura topográfica Código de barras Última vez visto Ejemplar Price effective from Tipo de ítem
    LOCAL     Libro archivo Archivo Histórico Archivo Histórico Archivo histórico 14/10/2015 Donación 0.00   E37N117 L005214 14/10/2015 Ej.1 14/10/2015 Libro
    LOCAL     Libro archivo Archivo Histórico Archivo Histórico Archivo histórico 14/10/2015 Donación 0.00   E37N117 L005537 14/10/2015 Ej.2 21/04/2016 Libro